Revista código civil y comercial : XXV Jornadas Nacionales de Derecho Civil /
Guardado en:
| Otros Autores: | , , |
|---|---|
| Formato: | Libro |
| Idioma: | Spanish |
| Publicado: |
Buenos Aires :
La Ley,
2015.
|
| Materias: | |
| Etiquetas: |
Agregar Etiqueta
Sin Etiquetas, Sea el primero en etiquetar este registro!
|
| LEADER | 00844nam a22002175a 4500 | ||
|---|---|---|---|
| 001 | DER.der013189 | ||
| 008 | 180615s2015####|||||||||||||||||#||spa|| | ||
| 005 | 20240711112255.0 | ||
| 245 | 1 | 0 | |a Revista código civil y comercial : |b XXV Jornadas Nacionales de Derecho Civil / |c , dirigido por Héctor Alegría, Pablo D. Heredia, Carlos E. Camps. |
| 260 | |a Buenos Aires : |b La Ley, |c 2015. | ||
| 300 | |a 284 p. | ||
| 500 | |a Edición Especial. | ||
| 700 | 1 | |a Alegría, Héctor, |e dir. | |
| 700 | 1 | |a Heredia, Pablo D., |e dir. ej. | |
| 700 | 1 | |a Camps, Carlos E., |e dir. ej. | |
| 700 | 1 | |a Compiani, María Fabiana, |e dir. ej. | |
| 650 | 7 | |a DERECHO CIVIL | |
| 650 | 7 | |a CODIGO CIVIL Y COMERCIAL | |
| 859 | |a DERECHO |b BIB. DERECHO |h 348.023 |i REV |p 006799 | ||
| 859 | |a DERECHO |b BIB. DERECHO |h 348.023 |i REV |p 007165 |t 1 | ||
| 859 | |a DERECHO |b BIB. DERECHO |h 348.023 |i REV |p 008095 |t 2 | ||
